<?xml version="1.0" encoding="UTF-8"?>
<record
    xmlns:xsi="http://www.w3.org/2001/XMLSchema-instance"
    xsi:schemaLocation="http://www.loc.gov/MARC21/slim http://www.loc.gov/standards/marcxml/schema/MARC21slim.xsd"
    xmlns="http://www.loc.gov/MARC21/slim">

  <leader>02305nam a2200229 a 4500</leader>
  <controlfield tag="001">000046738</controlfield>
  <controlfield tag="005">20201002053103.0</controlfield>
  <controlfield tag="008">180321s2014    dr            000 0 spa d</controlfield>
  <datafield tag="020" ind1=" " ind2=" ">
    <subfield code="a">9789945898033</subfield>
  </datafield>
  <datafield tag="040" ind1=" " ind2=" ">
    <subfield code="a">DO-SdBNP</subfield>
    <subfield code="b">spa</subfield>
    <subfield code="c">BNPHU</subfield>
  </datafield>
  <datafield tag="082" ind1=" " ind2=" ">
    <subfield code="a">xxx</subfield>
    <subfield code="b">xxxx</subfield>
  </datafield>
  <datafield tag="100" ind1="1" ind2=" ">
    <subfield code="a">Blanco, Rosa</subfield>
    <subfield code="9">74666</subfield>
  </datafield>
  <datafield tag="245" ind1="1" ind2="0">
    <subfield code="a">Gu&#xED;a orientativa para la atenci&#xF3;n integral a la primera infancia en la Rep&#xFA;blica Dominicana :</subfield>
    <subfield code="b">modalidades de atenci&#xF3;n y pr&#xE1;cticas educativas /</subfield>
    <subfield code="c">Rosa Blanco, Ana Pizano, Margarita Heisen, Wara Gonz&#xE1;lez.</subfield>
  </datafield>
  <datafield tag="260" ind1=" " ind2=" ">
    <subfield code="a">Santo Domingo, :</subfield>
    <subfield code="b">Organizaci&#xF3;n de Estados Iberoamericanos para la Educaci&#xF3;n, la Ciencia y la Cultura (OEI),</subfield>
    <subfield code="b">Instituto de atenci&#xF3;n integral a la primera infancia (INAIPI)</subfield>
    <subfield code="b">Plan nacional de protecci&#xF3;n y atenci&#xF3;n integral a la primera infancia</subfield>
    <subfield code="b">direcci&#xF3;n general de programas especiales,</subfield>
    <subfield code="c">2014.</subfield>
  </datafield>
  <datafield tag="300" ind1=" " ind2=" ">
    <subfield code="a">Modulos ;</subfield>
    <subfield code="c">30 cm.</subfield>
  </datafield>
  <datafield tag="505" ind1="0" ind2=" ">
    <subfield code="g">Modulo I --</subfield>
    <subfield code="g">Educar en y para los derechos humanos --</subfield>
    <subfield code="t">Introducci&#xF3;n --</subfield>
    <subfield code="g">Cap&#xED;tulo I --</subfield>
    <subfield code="t">La convenci&#xF3;n sobre los derechos de la ni&#xF1;ez --</subfield>
    <subfield code="g">Cap&#xED;tulo II --</subfield>
    <subfield code="t">El derecho a la educaci&#xF3;n --</subfield>
    <subfield code="g">Cap&#xED;tulo III --</subfield>
    <subfield code="t">La educaci&#xF3;n en derechos y el enfoque de derechos en educaci&#xF3;n --</subfield>
    <subfield code="t">Bibliograf&#xED;a /</subfield>
    <subfield code="g">Modulo II --</subfield>
    <subfield code="g">Desarrollo y aprendizaje en los primeros a&#xF1;os --</subfield>
    <subfield code="t">Introducci&#xF3;n --</subfield>
    <subfield code="g">Cap&#xED;tulo I --</subfield>
    <subfield code="t">La atenci&#xF3;n y educaci&#xF3;n en la primera infancia --</subfield>
    <subfield code="g">Cap&#xED;tulo II --</subfield>
    <subfield code="t">Caracter&#xED;sticas de los ni&#xF1;os desde el nacimiento a los seis a&#xF1;os de edad --</subfield>
    <subfield code="g">Cap&#xED;tulo III --</subfield>
    <subfield code="t">El aprendizaje en la primera infancia --</subfield>
    <subfield code="g">Cap&#xED;tulo IV --</subfield>
    <subfield code="t">Responsables de la atenci&#xF3;n y educaci&#xF3;n en la primera infancia y promoci&#xF3;n de pr&#xE1;cticas saludables --</subfield>
    <subfield code="t">Bibliograf&#xED;a /</subfield>
    <subfield code="g">Modulo III --</subfield>
    <subfield code="g">Gesti&#xF3;n de lasmodalidades de atenci&#xF3;n integral a la primera infancia --</subfield>
    <subfield code="t">Introducc&#xF3;n --</subfield>
    <subfield code="g">Cap&#xED;tulo I --</subfield>
    <subfield code="t">La calidad en la atenci&#xF3;n y educac&#xED;on en la primera infancia --</subfield>
    <subfield code="g">Cap&#xED;tulo II --</subfield>
    <subfield code="t">Modalidades de atenci&#xF3;n a la primera infancia --</subfield>
    <subfield code="g">Cap&#xED;tulo III --</subfield>
    <subfield code="t">Las transiciones en la atenci&#xF3;n y educaci&#xF3;n a la primera infancia --</subfield>
    <subfield code="g">Cap&#xED;tulo IV --</subfield>
    <subfield code="t">Organizaci&#xF3;n del ambiente de aprendizaje --</subfield>
    <subfield code="g">Cap&#xED;tulo V --</subfield>
    <subfield code="t">La evaluaci&#xF3;n en la primera infancia --</subfield>
    <subfield code="t">Bibliograf&#xED;a /</subfield>
  </datafield>
  <datafield tag="504" ind1=" " ind2=" ">
    <subfield code="a">Incluye datos bibliograf&#xED;cos</subfield>
  </datafield>
  <datafield tag="590" ind1=" " ind2=" ">
    <subfield code="a">Inventariado, 2018/ YL</subfield>
  </datafield>
  <datafield tag="700" ind1="1" ind2=" ">
    <subfield code="a">Pizano, Ana</subfield>
    <subfield code="9">74667</subfield>
  </datafield>
  <datafield tag="700" ind1="1" ind2=" ">
    <subfield code="a">Heisen, Margarita</subfield>
    <subfield code="9">74668</subfield>
  </datafield>
  <datafield tag="700" ind1="1" ind2=" ">
    <subfield code="a">Gonz&#xE1;lez, Wara</subfield>
    <subfield code="9">74669</subfield>
  </datafield>
  <datafield tag="952" ind1=" " ind2=" ">
    <subfield code="0">0</subfield>
    <subfield code="1">0</subfield>
    <subfield code="7">1</subfield>
    <subfield code="8">DS</subfield>
    <subfield code="a">GR</subfield>
    <subfield code="b">GR</subfield>
    <subfield code="c">CT</subfield>
    <subfield code="d">2018-03-21</subfield>
    <subfield code="i">LF1</subfield>
    <subfield code="l">0</subfield>
    <subfield code="o">xxx xxxx</subfield>
    <subfield code="p">46738-30</subfield>
    <subfield code="r">2020-06-25</subfield>
    <subfield code="t">e. 3</subfield>
    <subfield code="w">2020-06-25</subfield>
    <subfield code="y">LFDS</subfield>
    <subfield code="Z">No se presta</subfield>
  </datafield>
  <datafield tag="952" ind1=" " ind2=" ">
    <subfield code="0">0</subfield>
    <subfield code="1">0</subfield>
    <subfield code="7">1</subfield>
    <subfield code="8">PD</subfield>
    <subfield code="a">PD</subfield>
    <subfield code="b">PD</subfield>
    <subfield code="c">CT</subfield>
    <subfield code="d">2018-03-21</subfield>
    <subfield code="i">LF1</subfield>
    <subfield code="l">0</subfield>
    <subfield code="o">xxx xxxx</subfield>
    <subfield code="p">46738-10</subfield>
    <subfield code="r">2020-06-25</subfield>
    <subfield code="w">2020-06-25</subfield>
    <subfield code="y">LFPD</subfield>
    <subfield code="Z">No se presta</subfield>
  </datafield>
  <datafield tag="952" ind1=" " ind2=" ">
    <subfield code="0">0</subfield>
    <subfield code="1">0</subfield>
    <subfield code="7">1</subfield>
    <subfield code="8">PD</subfield>
    <subfield code="a">PD</subfield>
    <subfield code="b">PD</subfield>
    <subfield code="c">CT</subfield>
    <subfield code="d">2018-03-21</subfield>
    <subfield code="i">LF1</subfield>
    <subfield code="l">0</subfield>
    <subfield code="o">xxx xxxx</subfield>
    <subfield code="p">46738-20</subfield>
    <subfield code="r">2020-06-25</subfield>
    <subfield code="t">e. 2</subfield>
    <subfield code="w">2020-06-25</subfield>
    <subfield code="y">LFPD</subfield>
    <subfield code="Z">No se presta</subfield>
  </datafield>
  <datafield tag="999" ind1=" " ind2=" ">
    <subfield code="c">46227</subfield>
    <subfield code="d">46227</subfield>
  </datafield>
</record>
